Comentarios al Cd̤igo Civil y compilaciones forales

Bibliographic Details
Other Authors: Albaladejo Garca̕, Manuel (Conductor), Da̕z Alabart, Silvia (Conductor), Gitrama Gonzl̀ez, Manuel (Compiler)
Format: Unknown
Language:Spanish
Published: Madrid : Editorial Revista de Derecho Privado : Editoriales de Derecho Reunidas, cop. 1989
Subjects:
Online Access:Acceso restringido

MARC

LEADER 00000ny a22000003n 4500
005 20110616134444.0
008 080718s1989 sp s 000 0 spa c
020 |a 9788471302168 
035 |a 488 
040 |a UMA.DER  |d vLex 
080 |a 347(460) 
090 |c 779  |d 779 
245 0 0 |a Comentarios al Cd̤igo Civil y compilaciones forales  |h [Recurso electrn̤ico]  |c dirigidos por Manuel Albaladejo y Silvia Da̕z Alabart 
256 |a Servicio en ln̕ea 
260 |a Madrid :  |b Editorial Revista de Derecho Privado :  |b Editoriales de Derecho Reunidas,  |c cop. 1989 
505 0 |t Tomo XIV, Vol 1,̆ Articulos 988 a 1034 del Codigo Civil /  |r comentados por Manuel Gitrama Gonzl̀ez 
506 1 |a Contenido solo disponible en los productos indicados  |d vLex Global  |d vLex Global (Academic Edition, excluding Law Schools)  |d vLex Global (U.S. Academic Edition, Law Schools)  |d vLex Global (U.S. Academic Edition, excluding Law Schools)  |d vLex Global (Academic Edition, Law Schools) 
650 0 7 |2 Tesauro vLex  |a Civil 
650 0 7 |2 Tesauro vLex  |a Cd̤igo civil 
650 0 7 |2 Tesauro vLex  |a Sucesorio 
650 0 7 |2 Tesauro vLex  |a Herencia 
650 0 7 |2 Tesauro vLex  |a Aceptacin̤ de la herencia 
650 0 7 |2 Tesauro vLex  |a Repudacin̤ de la herencia 
650 0 7 |2 Tesauro vLex  |a Derecho sucesorio 
700 1 |a Albaladejo Garca̕, Manuel,  |e dir 
700 1 |a Da̕z Alabart, Silvia,  |e dir 
700 1 |a Gitrama Gonzl̀ez, Manuel,  |e com 
740 0 |a vLex Libros (Servicios en ln̕ea) 
856 4 0 |z Acceso restringido  |u http://vlex.com/source/488 
942 |c BOOK 
999 0 |a Civil Law  |b Madrid